Statistics for Starbucks Sizes

Click here to take the quiz!

General Stats

  • This quiz has been taken 60 times
  • The average score is 4 of 6

Answer Stats

mlozSize% Correct
473 ml16 ozGrande
94%
591/709 ml20/24 ozVenti
94%
354 ml12 ozTall
82%
916 ml31 ozTrenta
56%
236 ml8 ozShort
44%
88 ml3 ozDemi
16%

Score Distribution

Percentile by Number Answered

Percent of People with Each Score

Your Score History

You have not taken this quiz